Combien de ville de Corse du sud (2A) connais-tu ? - Statistiques

Statistiques générales
  • Ce quiz a été pris 13 fois
  • Le résultat moyen est 24 sur 124
Statistiques - réponses
Code Postal Ville % Correct
20090 Ajaccio
88%
20137 Porto-Vecchio
88%
20169 Bonifacio
75%
20110 Propriano
63%
20113 Olmeto
50%
20100 Sartène
50%
20167 Alata
38%
20116 Aullène
38%
20119 Bastelica
38%
20136 Bocognano
38%
20117 Cauro
38%
20114 Figari
38%
20166 Grosseto-Prugna
38%
20170 Levie
38%
20124 Zonza
38%
20167 Afa
25%
20110 Arbellara
25%
20129 Bastelicaccia
25%
20142 Campo
25%
20170 Carbini
25%
20133 Carbuccia
25%
20130 Cargèse
25%
20138 Coti-Chiavari
25%
20143 Fozzano
25%
20167 Peri
25%
20140 Petreto-Bicchisano
25%
20115 Piana
25%
20166 Pietrosella
25%
20122 Quenza
25%
20112 Sainte-Lucie-de-Tallano
25%
20140 Sollacaro
25%
20146 Sotta
25%
20163 Tavera
25%
20128 Urbalacone
25%
20110 Viggianello
25%
20112 Zoza
25%
20166 Albitreccia
13%
20112 Altagène
13%
20151 Ambiegna
13%
20167 Appietto
13%
20160 Arbori
13%
20140 Argiusta-Moriccio
13%
20151 Arro
13%
20190 Azilone-Ampaza
13%
20121 Azzana
13%
20160 Balogna
13%
20110 Belvédère-Campomoro
13%
20100 Bilia
13%
20111 Calcatoggio
13%
20151 Cannelle
13%
20190 Cardo-Torgia
13%
20164 Cargiaca
13%
20111 Casaglione
13%
20140 Casalabriva
13%
20134 Ciamannacce
13%
20160 Coggia
13%
20123 Cognocoli-Monticchi
13%
20135 Conca
13%
20168 Corrano
13%
20148 Cozzano
13%
20126 Cristinacce
13%
20167 Cuttoli-Corticchiato
13%
20117 Eccica-Suarella
13%
20126 Évisa
13%
20100 Foce
13%
20190 Forciolo
13%
20157 Frasseto
13%
20100 Giuncheto
13%
20100 Granace
13%
20100 Grossa
13%
20160 Guagno
13%
20128 Guargualé
13%
20153 Guitera-les-Bains
13%
20137 Lecci
13%
20160 Letia
13%
20139 Lopigna
13%
20165 Loreto-di-Tallano
13%
20141 Marignana
13%
20112 Mela
13%
20140 Moca-Croce
13%
20171 Monacia-d'Aullène
13%
20160 Murzo
13%
20117 Ocana
13%
20140 Olivese
13%
20112 Olmiccia
13%
20125 Orto
13%
20147 Osani
13%
20150 Ota
13%
20134 Palneca
13%
20147 Partinello
13%
20121 Pastricciola
13%
20131 Pianottoli-Caldarello
13%
20123 Pila-Canale
13%
20125 Poggiolo
13%
20142 Quasquara
13%
20160 Renno
13%
20121 Rezza
13%
20121 Rosazia
13%
20121 Salice
13%
20134 Sampolo
13%
20170 San-Gavino-di-Carbini
13%
20143 Santa-Maria-Figaniella
13%
20190 Santa-Maria-Siché
13%
20151 Sant'Andréa-d'Orcino
13%
20151 Sari-d'Orcino
13%
20145 Sari-Solenzara
13%
20167 Sarrola-Carcopino
13%
20140 Serra-di-Ferro
13%
20127 Serra-di-Scopamène
13%
20147 Serriera
13%
20125 Soccia
13%
20152 Sorbollano
13%
20134 Tasso
13%
20167 Tavaco
13%
20117 Tolla
13%
20133 Ucciani
13%
20167 Valle-di-Mezzana
13%
20172 Vero
13%
20160 Vico
13%
20167 Villanova
13%
20116 Zérubia
13%
20173 Zévaco
13%
20132 Zicavo
13%
20190 Zigliara
13%
Aucun quiz correspondant
Distribution des résultats
% des personnes avec chaque résultat
Percentile par nombre de réponses
Votre historique - résultats
Vous n’avez pas pris ce quiz